000 00572nam a2200193 i 4500
001 188330
003 SpMaBN
005 20230906223154.0
008 180807s1983 sp |||| | spa d
020 _a84-7541-141-6
080 _a860-22"19"
100 1 _aDíez Barrio, Germán.
_944677
245 1 3 _aEl quinto viaje de Crislón /
_cGermán Díez Barrio.
250 _a1ª ed.
260 _aAranguren (Vizcaya) :
_bEl Paisaje,
_c1983.
300 _a102 p. ;
_c19 cm.
586 _aPremio Gemma de Teatro
852 _aES-MaACL
_jL-32230
_z. - Donat. Carmen Zumárraga
999 _c188330
_d188330